| 000 | 00455 a2200169 4500 | ||
|---|---|---|---|
| 020 | _a 8174091955 | ||
| 082 | _a510.2462 | ||
| 090 |
_c3463 _d3463 |
||
| 100 | _aGrewal, B.S. | ||
| 245 |
_aHigher engineering mathematics _cB.S, Grewal. |
||
| 250 | _a39th ed. | ||
| 260 |
_aNew Delhi : _b Khanna Publishers, _c2005. |
||
| 300 |
_axi, 1276 p. : _bill. ; _c24 cm. |
||
| 500 | _aIncludes Index | ||
| 650 | _aEngineering mathematics. | ||
| 942 |
_cBK _k510.2462 GRE |
||
| 999 |
_c7372 _d7372 |
||